<?xml version="1.0" encoding="UTF-8"?><?xml-stylesheet type="text/xsl" href="static/style.xsl"?><OAI-PMH xmlns="http://www.openarchives.org/OAI/2.0/" xmlns:xsi="http://www.w3.org/2001/XMLSchema-instance" xsi:schemaLocation="http://www.openarchives.org/OAI/2.0/ http://www.openarchives.org/OAI/2.0/OAI-PMH.xsd"><responseDate>2026-06-03T20:36:19Z</responseDate><request verb="GetRecord" identifier="oai:riuma.uma.es:10630/11558" metadataPrefix="marc">https://riuma.uma.es/rest/oai/request</request><GetRecord><record><header><identifier>oai:riuma.uma.es:10630/11558</identifier><datestamp>2026-02-03T10:48:24Z</datestamp><setSpec>com_10630_5135</setSpec><setSpec>com_10630_598</setSpec><setSpec>col_10630_11086</setSpec></header><metadata><record xmlns="http://www.loc.gov/MARC21/slim" xmlns:dcterms="http://purl.org/dc/terms/" xmlns:doc="http://www.lyncode.com/xoai" xmlns:xsi="http://www.w3.org/2001/XMLSchema-instance" xsi:schemaLocation="http://www.loc.gov/MARC21/slim http://www.loc.gov/standards/marcxml/schema/MARC21slim.xsd">
   <leader>00925njm 22002777a 4500</leader>
   <datafield ind2=" " ind1=" " tag="042">
      <subfield code="a">dc</subfield>
   </datafield>
   <datafield ind2=" " ind1=" " tag="720">
      <subfield code="a">Asenjo-Plaza, Rafael</subfield>
      <subfield code="e">author</subfield>
   </datafield>
   <datafield ind2=" " ind1=" " tag="720">
      <subfield code="a">Gutiérrez-Carrasco, Eladio Damián</subfield>
      <subfield code="e">author</subfield>
   </datafield>
   <datafield ind2=" " ind1=" " tag="720">
      <subfield code="a">Ramos-Cózar, Julián</subfield>
      <subfield code="e">author</subfield>
   </datafield>
   <datafield ind2=" " ind1=" " tag="260">
      <subfield code="c">2001</subfield>
   </datafield>
   <datafield ind2=" " ind1=" " tag="520">
      <subfield code="a">Los fundamentos, conceptos y modos de operación de estas máquinas tan comunes hoy en día, son los que tratamos de introducir y desentrañar en este texto. O con otras palabras, este libro está orientado a aquellas personas que alguna vez se han preguntado "¿Cómo es posible que los transistores y puertas lógicas que hay dentro de mi ordenador me permitan editar un archivo o ejecutar un programa que he escrito en Modula o en C?", pregunta, que por otro lado, esperamos se hayan planteado todos nuestros alumnos de asignaturas de introducción a los computadores. Aunque no son del todo necesarios, suponemos que el lector tiene algunos conocimientos de electrónica digital y programación. Pues bien, en este libro precisamente queremos cubrir el desnivel semántico que existe en un sistema computador entre esas dos materias (electrónica digital y lenguajes de alto nivel), contemplando el control microprogramado y cableado, el lenguaje ensamblador y los sistemas operativos, según desglosamos a continuación por temas.</subfield>
   </datafield>
   <datafield ind1="8" ind2=" " tag="024">
      <subfield code="a">8474968550</subfield>
   </datafield>
   <datafield ind1="8" ind2=" " tag="024">
      <subfield code="a">http://hdl.handle.net/10630/11558</subfield>
   </datafield>
   <datafield tag="653" ind2=" " ind1=" ">
      <subfield code="a">Ordenadores</subfield>
   </datafield>
   <datafield tag="653" ind2=" " ind1=" ">
      <subfield code="a">Multiprocesadores</subfield>
   </datafield>
   <datafield ind2="0" ind1="0" tag="245">
      <subfield code="a">Fundamentos de los computadores</subfield>
   </datafield>
</record>
</metadata></record></GetRecord></OAI-PMH>